000 00418nam a2200193Ia 4500
008 101110s9999 xx 000 0 und d
041 _aENGLISH
082 _bSR108
_a651.3
100 _aWilliam Pickles
245 _aAccountancy
365 _b20
520 _aCommerce
546 _aENGLISH
630 _aAccountancy
650 _aCommerce
655 _aCommerce
730 _aAccountancy
942 _cBOOK
999 _c797521
_d797518